1320 1208 1955 1776 1511 1621 1364 1390 1837 1951 1443 1795 1720 1824 1626 1363 1799 1615 1110 1871 1856 1476 1554 1245 1933 1817 1443 1202 1187 1256 1282 1759 1189 1835 1764 1923 1198 1840 1265 1142 1281 1574 1572 1887 1803 1572 1761 1165 1705 1251 1706 1089 1572 1656 1013 1035 1758 1017 1385 1088 1046 1271 1993 1758 1436 1166 1182 1046 1183 1592 1500 1491 1235 1588 1413 1807 1337 1267 1515 1026 1033 1092 1447 1970 1841 1828 1187 1600 1829 1042 1864 1702 1928 1530 1994 1393 1749 1242 1625 BCNSPRNW ULIB Ver.6.0+V

เปลี่ยนเป็นภาษาไทย

Change to English
 แสดงรายละเอียดบรรณานุกรม
  กลับหน้าหลัก

Brief Record : Get Marc (ISO 2709) : E-mail record : QR code < ปิดหน้าต่าง
LEADER : 00000nam 2200000uu 4500
001    13399112623
003     ULIB
008    110829s2549||||th 000 0 tha d
020    9749770153
050 04 HV520.D7^bว739 2549
100 0  วิวัฒน์ วนรังสิกุล
245 00 โครงการงดเหล้าเข้าพรรษา :^bหนึ่งภาพสะท้อนทิศทางการทำงานเชิงเครือข่ายในสังคมไทย /^cจัดทำโดย บุญเรือง ขาวนวล ... [และคนอื่น ๆ] ; บรรณาธิการ,วิวัฒน์ วนรังสิกุล
246 24 รายงานการถอดบทเรียนโครงการงดเหล้าเข้าพรรษาปี 2548 ของสมาคมหมออนามัย :^bหนึ่งภาพสะท้อนทิศทางการทำงานเชิงเครือข่ายในสังคมไทย
260    นนทบุรี :^bสมาคมหมออนามัย,^c2549
300    217 หน้า :^bภาพประกอบ ;^c27 ซม.
610 27 โครงการงดเหล้าเข้าพรรษา
650  4 การดื่มสุรา^vวิจัย
650  4 วิจัย
700 0  บุญเรือง ขาวนวล
700 0  วิวัฒน์ วนรังสิกุล,^eบรรณาธิการ
710 2  สมาคมหมออนามัย
945    ^p0^l0^i018468
995    ทศพร
999 ^a ทศพร
รายการนี้ยังไม่มีแท็ก
คุณยังไม่ได้ล็อกอิน คุณสามารถมีกิจกรรมร่วมกับเว็บไซต์ได้ แต่ต้องล็อกอินก่อน ::
  ล็อกอิน

รายการสื่อสารสนเทศ

ลำดับที่ ประเภท เลขเรียก/บาร์โค้ด สถานที่ สถานะ
- ไม่พบข้อมูล -

รายการใกล้เคียง
    ผู้แต่ง [วิวัฒน์ วนรังสิกุล]

    หัวเรื่อง [วิจัย]

BibComment


ยังไม่เคยถูกคอมเมนท์

คอมเมนท์ทรัพยากรรายการนี้
  คอมเมนท์: โครงการงดเหล้าเข้..


 Copyright 2026. Bcnsprnw @Library